000 00507cam a2200157 4500500
005 20260329002606.0
041 _afre
042 _adc
100 1 0 _aUngerer, Tomi
_eauthor
245 0 0 _aOn marche avec les pieds, mais on pense avec quoi ?
260 _c2013.
500 _a39
690 _aTomi Ungerer
786 0 _nPhilosophie magazine | 66 | 2 | 2013-02-01 | p. 14-14 | 1951-1787
856 4 1 _uhttps://shs.cairn.info/magazine-philosophie-magazine-2013-2-page-14?lang=fr&redirect-ssocas=7080
999 _c1816441
_d1816441